Vista normal
Vista MARC
Entrada Topical Term
Número de registros utilizados en: 1
001 - CONTROL NUMBER
- control field: 6177
003 - CONTROL NUMBER IDENTIFIER
- control field: OSt
005 - DATE AND TIME OF LATEST TRANSACTION
- control field: 20200625131407.0
008 - FIXED-LENGTH DATA ELEMENTS
- fixed length control field: 200625|| aca||aabn | a|a d
040 ## - CATALOGING SOURCE
- Original cataloging agency: OSt
- Transcribing agency: OSt
150 ## - HEADING--TOPICAL TERM
- Topical term or geographic name entry element: Mitología infantil latinoamericana
670 ## - SOURCE DATA FOUND
- Source citation: Work cat.: (OSt)4267: Karlsson, Rebeca, autora 6176, Cuentos, mitos y leyendas de Colombia / , 2014